000 00567nam a2200169 a 4500
001 000020044
005 20200929170236.0
008 090729s1955 dr 000 0 spa d
040 _aDO-SdBNP
_bspa
_cBNPHU
082 _a344.729302
_bH565s
100 1 _aHerrera Bornia, Orestes
_914442
245 1 0 _aSeguridad social en la República Dominicana /
_cOrestes Herrera Bornia.
260 _a[Santo Domingo] :
_bArte y cine,
_c1955.
300 _a508 p. :
_b22 cm.
590 _aInventariado,2019/YL
650 4 _aSeguridad social
_xLegislación
_zRepública Dominicana
_914351
999 _c19552
_d19552